B R Ambedkar The man, his work, and vision for an equitable society (Record no. 394188)

MARC details
000 -LEADER
fixed length control field 00975 a2200205 4500
005 - DATE & TIME
control field 20260108141214.0
008 - FIXED-LENGTH DATA ELEMENTS--GENERAL INFORMATION
fixed length control field 260105b |||||||| |||| 00| 0 eng d
020 ## - ISBN
International Standard Book Number 9788119051243
Price Rs. 1295.00
040 ## - CATALOGING SOURCE
Original cataloging agency VIVEKANANDA LIBRARY
082 ## - DDC NUMBER
Classification number 954.035092
Book Number A16R:B
100 ## - MAIN ENTRY--PERSONAL NAME
Personal name Rao, K S
245 ## - TITLE STATEMENT
Title B R Ambedkar The man, his work, and vision for an equitable society
260 ## - PUBLICATION, DISTRIBUTION, ETC. (IMPRINT)
Place of publication, distribution, etc New Delhi
Name of publisher, distributor, etc The Readers Paradise
Date of publication, distribution, etc 2025
300 ## - PHYSICAL DESCRIPTION
Pages 252
650 ## - Subject
Subject History
650 ## - Subject
Subject Indian- History
700 ## - Added Entry Personal Name
Added Entry Personal Name Laxmi, N
700 ## - Added Entry Personal Name
Added Entry Personal Name Manoj Singh
942 ## - ADDED ENTRY ELEMENTS (KOHA)
Koha item type Books
Holdings
Withdrawn status Lost status Source of classification or shelving scheme Damaged status Not for loan Location (home branch) Sublocation or collection (holding branch) Shelving location Date acquired Koha issues (times borrowed) Koha full call number Accession No. Koha date last seen Koha item type
    Dewey Decimal Classification     VIVEKANANDA LIBRARY VIVEKANANDA LIBRARY Dr. Mangal Sen Chair 12/12/2025   954.035092 A16R:B 443613 12/12/2025 Books
© Designed and Maintained by Vivekananda Library, MDU Rohtak